| 000 | 00408nam a22001457a 4500 | ||
|---|---|---|---|
| 008 | 250619b |||||||| |||| 00| 0 eng d | ||
| 050 |
_aTA 175 _b.L89 |
||
| 100 | _aluzadder, Warren.J. | ||
| 245 | _aFundamentals of Engineering Drawing | ||
| 250 | _a5th | ||
| 260 |
_aNP _bPrentice Hall Inc _c1965 |
||
| 300 | _a726p | ||
| 650 |
_aEngineering Drawing _vCivil Engineering-uruted states-history |
||
| 942 | _cBK | ||
| 999 |
_c3901 _d3901 |
||